000
00292nam a2200121 a 4500
008
100914s1995|||| d
245
1
0
_a
Celestínske proroctví
100
1
_a
Redfield, James
260
_b
Knižní klub
_a
Český Tešín
_c
1995
020
_c
201
044
_a
CZ
041
_a
cze
999
_c
10328
_d
10328